Adolf Hitler Quiz - Statistics

General Stats
  • This quiz has been taken 532 times
  • The average score is 12 of 24
Answer Stats
Hint Answer % Correct
Country of birth Austria-Hungary
87%
Number of siblings 5
84%
His wife Eva Braun
76%
...in german? Mein Kampf
72%
...to? 1945
71%
Year of birth 1889
70%
His title as a Nazi leader Führer
69%
City he died in... Berlin
68%
Was a leader of Germany from... 1934
66%
...as a result of? Suicide
62%
Occupation he pursued before becoming a dictator Artist
61%
His autobiographical book in english... My Struggle
58%
..at the age of.... 56
57%
Birth day 20th of April
43%
...and breed? German shepherd
43%
His father Alois Hitler
38%
His mother Klara Pölzl
34%
His favourite composer Richard Wagner
34%
His dogs name... Blondi
33%
His favorite colour? Brown
28%
City of birth Braunau am Inn
19%
His cottage in the Alps he got for his 50th birthday Kehlsteinhaus, "the Eagle's Nest"
17%
His home at the Bavarian Alps Berghof
11%
His favourite sister Paula
10%
No matching quizzes found
Score Distribution
Percent of People with Each Score
Percentile by Number Answered
Your Score History
You have not taken this quiz